Dars-I Quran : / درس قرآن (Record no. 26045)

MARC details
000 -LEADER
fixed length control field 00507nam a22001697a 4500
003 - CONTROL NUMBER IDENTIFIER
control field BDDh-ASL
005 - DATE AND TIME OF LATEST TRANSACTION
control field 20231015030606.0
008 - FIXED-LENGTH DATA ELEMENTS--GENERAL INFORMATION
fixed length control field 210924s1939 p ||||| |||| 00| 0 u d
040 ## - CATALOGING SOURCE
Original cataloging agency BDDh-ASL
Transcribing agency BDDh-ASL
082 ## - DEWEY DECIMAL CLASSIFICATION NUMBER
Classification number 297.122
Item number DAR
245 00 - TITLE STATEMENT
Title Dars-I Quran : / درس قرآن
300 ## - PHYSICAL DESCRIPTION
Extent 64 p. :
Dimensions 18 cm.
505 ## - FORMATTED CONTENTS NOTE
Miscellaneous information This is a supplement of Iman Magazine Published by Local Sirat Committee of Lahore
650 #0 - SUBJECT ADDED ENTRY--TOPICAL TERM
9 (RLIN) 1854
Topical term or geographic name entry element Quran
700 1# - ADDED ENTRY--PERSONAL NAME
9 (RLIN) 4561
Personal name Qureshi, Kazi Abdul Majid
942 ## - ADDED ENTRY ELEMENTS (KOHA)
Source of classification or shelving scheme Dewey Decimal Classification
Koha item type Books
Holdings
Withdrawn status Lost status Source of classification or shelving scheme Damaged status Not for loan Collection code Home library Current library Shelving location Date acquired Source of acquisition Serial Enumeration / chronology Total Checkouts Full call number Barcode Date last seen Copy number Price effective from Koha item type
    Dewey Decimal Classification     Non-fiction Asiatic Society Library Asiatic Society Library General Stacks 09/24/2021 ASB Library Collection U-0063   297.122 DAR 111978 09/24/2021 C-1 09/24/2021 Books

Powered by Koha